The Fall of Constantinople - Statistics

General Stats
  • This quiz has been taken 33 times
    23 since last reset
  • The average score is 8 of 10
Answer Stats
Question Answer % Correct
Constantinople is now what country modern day? Turkey
100%
Who was the founder of Constantinople? Constantine
89%
Which of these people was the ruler that died during the fall of Constantinople Constantine XI Palaiologos
89%
What empire conquered Constantinople? The Ottoman empire
89%
What year did the Fall of Constantinople take place? 1453
83%
What famous Constantinople wall is still standing to this day? Theodosian Land Walls
83%
What band has a popular song about the Fall of Constantinople? They Might Be Giants
83%
Do you prefer the name Constantinople or Istanbul (There is a correct answer!) Constantinople
78%
Which of these languages was not spoken in Constantinople at some point? Yiddish
67%
What was the main thing that Constantinople produced? Silk
50%
No matching quizzes found
Score Distribution
Percent of People with Each Score
Percentile by Number Answered
Your Score History
You have not taken this quiz since the last reset